[Event "ARCTIC CHESS CHALLENGE 2010"]
[Site "SCANDIC TROMSØ"]
[Date "2010.07.31"]
[Round "1"]
[White "Ivanisevic, Ivan"]
[Black "Sigeman, Johan"]
[Result "1-0"]
[WhiteElo "2611"]
[BlackElo "2153"]
[PlyCount "51"]
[EventDate "2010.??.??"]

1. d4 Nf6 2. c4 c5 3. d5 e5 4. Nc3 d6 5. e4 Be7 6. Bd3 O-O 7. Nge2 Ne8 8. Ng3
g6 9. Bh6 Ng7 10. h4 Bxh4 11. Qd2 Na6 12. O-O-O Bf6 13. Rh2 Re8 14. Rdh1 Bd7
15. Kb1 Qe7 16. Nd1 b5 17. Ne3 bxc4 18. Bxg7 Bxg7 19. Rxh7 Qf6 20. Nxc4 Qf4 21.
Ne3 c4 22. Ngf5 Bxf5 23. g3 Qxe4 24. Nxf5 Qxh1+ 25. Rxh1 gxf5 26. Bxf5 1-0

[Event "ARCTIC CHESS CHALLENGE 2010"]
[Site "SCANDIC TROMSØ"]
[Date "2010.07.31"]
[Round "1"]
[White "Jalloul, Maya M"]
[Black "Khaetsky, Roman"]
[Result "0-1"]
[WhiteElo "1894"]
[BlackElo "2385"]
[PlyCount "170"]
[EventDate "2010.??.??"]

1. e4 Nc6 2. Nf3 d5 3. exd5 Qxd5 4. d4 Bg4 5. Be2 O-O-O 6. c3 e5 7. dxe5 Qe4 8.
Nbd2 Bxf3 9. Nxe4 Rxd1+ 10. Bxd1 Bxe4 11. O-O Nxe5 12. Re1 f5 13. Bb3 Bd6 14.
Be3 Nf6 15. f3 Bxf3 16. Be6+ Kb8 17. Bxf5 Bg4 18. Bd4 Nf3+ 19. gxf3 Bxf5 20.
Re2 Rf8 21. Rae1 Kc8 22. Rg2 Bg6 23. Rd2 b6 24. Kg2 Nh5 25. Be5 Re8 26. Rde2
Nf4+ 27. Bxf4 Rxe2+ 28. Rxe2 Bxf4 29. Re7 Bc1 30. b3 Bb2 31. c4 Bf6 32. Re2 Kd7
33. Kg3 a5 34. f4 Kd6 35. Kg4 Bb1 36. Rd2+ Kc5 37. a3 Bd4 38. h4 a4 39. bxa4
Kxc4 40. Re2 Kb3 41. Re7 Kxa4 42. Rxc7 Kxa3 43. Rd7 Bf6 44. Rb7 Bd3 45. Rxb6
Be2+ 46. Kg3 Ka4 47. Rb7 Ka5 48. Kh3 Ba6 49. Rb8 Bb5 50. Rb7 Kb4 51. h5 h6 52.
Kg4 Kc5 53. Kf5 Be8 54. Kg4 Kc6 55. Ra7 Bd7+ 56. Kf3 Kd6 57. Ra6+ Kd5 58. Ra5+
Kd4 59. Ra7 Bc6+ 60. Kg4 Ke4 61. Ra6 Bd7+ 62. Kg3 Bc3 63. Ra7 Be6 64. Ra4+ Kf5
65. Ra7 Be1+ 66. Kf3 Bd5+ 67. Ke3 Bc3 68. Rc7 Bb2 69. Rc2 Bf6 70. Rc5 Ke6 71.
Ra5 Bc6 72. Ra6 Kd6 73. Ra5 Bd8 74. Ra6 Kc5 75. Ra7 Bf6 76. Ra5+ Kc4 77. Ra6
Bd4+ 78. Ke2 Be8 79. Ra5 Bc5 80. Kf3 Bxh5+ 81. Ke4 Be8 82. Ra1 Bc6+ 83. Kf5 Kd5
84. Kg6 Be8+ 85. Kxg7 Bd4+ 0-1

[Event "ARCTIC CHESS CHALLENGE 2010"]
[Site "SCANDIC TROMSØ"]
[Date "2010.07.31"]
[Round "1"]
[White "Jens, Jelmer"]
[Black "Johansen, Stian"]
[Result "0-1"]
[WhiteElo "2386"]
[BlackElo "1899"]
[PlyCount "78"]
[EventDate "2010.??.??"]

1. e4 c5 2. Nf3 d6 3. c3 Nf6 4. h3 Nc6 5. Bd3 g6 6. Bc2 Bg7 7. O-O O-O 8. d4
cxd4 9. cxd4 e5 10. d5 Nb4 11. Bb3 a5 12. Nc3 Bd7 13. Be3 b5 14. a4 bxa4 15.
Bxa4 Bxa4 16. Rxa4 Ne8 17. Nd2 Qc7 18. Nb3 f5 19. exf5 gxf5 20. Nxa5 Rxa5 21.
Rxb4 Ra6 22. Qe2 Ra8 23. Rc1 f4 24. Bb6 Qf7 25. f3 Nf6 26. Rb5 Nh5 27. Bf2 Ng3
28. Qe1 Nf5 29. Ne4 Qg6 30. b4 Ra2 31. Ra5 Rb2 32. Qf1 Ne3 33. Bxe3 fxe3 34.
Rc3 Rxb4 35. Rxe3 Bh6 36. Re2 Rxe4 37. Rxe4 Qxe4 38. fxe4 Be3+ 39. Kh2 Rxf1 0-1

[Event "ARCTIC CHESS CHALLENGE 2010"]
[Site "SCANDIC TROMSØ"]
[Date "2010.07.31"]
[Round "1"]
[White "Sarakauskas, Gediminas"]
[Black "Johnsen, Sylvia"]
[Result "1-0"]
[WhiteElo "2440"]
[BlackElo "2024"]
[PlyCount "60"]
[EventDate "2010.??.??"]

1. Nf3 Nc6 2. d4 Nf6 3. d5 Nb4 4. c4 a5 5. Nc3 g6 6. e4 d6 7. a3 Na6 8. Bd3 Nc5
9. Bc2 Bg7 10. h3 O-O 11. O-O e5 12. Be3 Nh5 13. Rb1 Nf4 14. b4 axb4 15. axb4
Nd7 16. c5 f5 17. exf5 gxf5 18. Nb5 Nf6 19. Bxf4 exf4 20. cxd6 cxd6 21. Ng5 Qb6
22. Nd4 Ne4 23. Nde6 Bxe6 24. Nxe6 Nc3 25. Qh5 Nxb1 26. Bxf5 Rxf5 27. Qxf5 Qxb4
28. Rxb1 Qc3 29. Ng5 Qf6 30. Qxh7+ Kf8 1-0

[Event "ARCTIC CHESS CHALLENGE 2010"]
[Site "SCANDIC TROMSØ"]
[Date "2010.07.31"]
[Round "1"]
[White "Petrov, Marijan"]
[Black "Jæger, Frode Bull"]
[Result "1-0"]
[WhiteElo "2535"]
[BlackElo "2103"]
[PlyCount "47"]
[EventDate "2010.??.??"]

1. e4 c5 2. Nf3 d6 3. d4 cxd4 4. Nxd4 Nf6 5. Nc3 g6 6. f4 Nc6 7. Nf3 Bg7 8. Bd3
O-O 9. O-O Bg4 10. Be3 Nb4 11. Qe1 Bxf3 12. Rxf3 d5 13. Bc5 Nxd3 14. cxd3 Nd7
15. Ba3 Nb6 16. e5 Qd7 17. Bc5 Rfc8 18. Bd4 Na4 19. Qd2 Nxc3 20. bxc3 e6 21. g4
Bf8 22. f5 gxf5 23. gxf5 Kh8 24. Kh1 1-0

[Event "ARCTIC CHESS CHALLENGE 2010"]
[Site "SCANDIC TROMSØ"]
[Date "2010.07.31"]
[Round "1"]
[White "Karlsen, Sverre"]
[Black "Lie, Espen"]
[Result "0-1"]
[WhiteElo "2050"]
[BlackElo "2464"]
[PlyCount "78"]
[EventDate "2010.??.??"]

1. f4 d5 2. Nf3 e6 3. g3 c5 4. Bg2 Nc6 5. c4 Nf6 6. O-O Be7 7. d3 O-O 8. Na3 a6
9. Qe1 d4 10. Nc2 Qc7 11. a4 Re8 12. Kh1 b6 13. Bd2 Bb7 14. b4 a5 15. bxc5 Bxc5
16. Na3 Rad8 17. Nb5 Qe7 18. h3 e5 19. fxe5 Nxe5 20. Qf2 Nxf3 21. Bxf3 Bxf3+
22. exf3 Qe2 23. Nc7 Re7 24. Qxe2 Rxe2 25. Bg5 Rd7 26. Bxf6 Rxc7 27. Bh4 f6 28.
g4 Rce7 29. Rf2 Re1+ 30. Rf1 R1e2 31. Rf2 Re1+ 32. Rf1 Rxf1+ 33. Rxf1 Re2 34.
Rf2 Re1+ 35. Kg2 Rd1 36. Re2 Kf7 37. f4 Rxd3 38. f5 Rc3 39. Re6 d3 0-1

[Event "ARCTIC CHESS CHALLENGE 2010"]
[Site "SCANDIC TROMSØ"]
[Date "2010.07.31"]
[Round "1"]
[White "Khenkin, Igor"]
[Black "Rehn, Ralf"]
[Result "1-0"]
[WhiteElo "2632"]
[BlackElo "2164"]
[PlyCount "51"]
[EventDate "2010.??.??"]

1. d4 f5 2. g3 Nf6 3. Bg2 e6 4. c4 d5 5. Nh3 c6 6. Qc2 Bd6 7. O-O O-O 8. Bf4
Nh5 9. Bxd6 Qxd6 10. e3 b6 11. Nd2 Ba6 12. Rfc1 Rc8 13. cxd5 cxd5 14. Qxc8+
Bxc8 15. Rxc8+ Kf7 16. Nf3 Ke7 17. Ne5 Nf6 18. Rac1 Nfd7 19. Nxd7 Kxd7 20. Rg8
Ke7 21. Rxg7+ Kf6 22. Rcc7 Qf8 23. Nf4 Qxg7 24. Nh5+ Kg6 25. Rxg7+ Kxh5 26. Rg8
1-0

[Event "ARCTIC CHESS CHALLENGE 2010"]
[Site "SCANDIC TROMSØ"]
[Date "2010.07.31"]
[Round "1"]
[White "Pettersen, Joar Gullestad"]
[Black "Kiik, Kalle"]
[Result "1/2-1/2"]
[WhiteElo "2045"]
[BlackElo "2444"]
[PlyCount "84"]
[EventDate "2010.??.??"]

1. d4 Nf6 2. c4 e6 3. g3 Bb4+ 4. Bd2 Qe7 5. Nf3 Nc6 6. Nc3 Bxc3 7. Bxc3 Ne4 8.
Qc2 Nxc3 9. Qxc3 Qb4 10. Rc1 a5 11. Bg2 d6 12. O-O Qxc3 13. Rxc3 Ke7 14. Rd1
Bd7 15. Ne1 Rhb8 16. a3 a4 17. e3 Na5 18. Nd3 Ra7 19. c5 d5 20. Nb4 Nc6 21. Nd3
Na5 22. Nb4 c6 23. Re1 Kd8 24. Nd3 b6 25. cxb6 Rxb6 26. Nb4 Rab7 27. Bf1 Rxb4
28. axb4 Rxb4 29. Rc2 Nb3 30. Bd3 Kc7 31. Rc3 e5 32. dxe5 Nd2 33. Ra1 Nf3+ 34.
Kg2 Nxe5 35. Bc2 Bg4 36. Bxa4 Bf3+ 37. Kf1 Rxb2 38. Rc2 Rb4 39. Rca2 g5 40. h3
h5 41. Bd1 Bxd1 42. Rxd1 g4 1/2-1/2

[Event "ARCTIC CHESS CHALLENGE 2010"]
[Site "SCANDIC TROMSØ"]
[Date "2010.07.31"]
[Round "1"]
[White "Kjøita, Henning"]
[Black "Wohl, Aleksandar H"]
[Result "0-1"]
[WhiteElo "1845"]
[BlackElo "2375"]
[PlyCount "84"]
[EventDate "2010.??.??"]

1. e4 Nf6 2. e5 Nd5 3. d4 d6 4. c4 Nb6 5. exd6 cxd6 6. Nc3 g6 7. Nf3 Bg7 8. Be3
O-O 9. Bd3 Nc6 10. O-O Bg4 11. c5 dxc5 12. dxc5 Bxf3 13. Qxf3 Qxd3 14. cxb6
axb6 15. Rfd1 Qc4 16. Nd5 Rxa2 17. Nxb6 Qb3 18. Rxa2 Qxa2 19. b4 Qb2 20. Bc5
Re8 21. h3 Bd4 22. Nc4 Qa2 23. Nd6 exd6 24. Bxd4 Nxd4 25. Rxd4 Qa1+ 26. Rd1
Re1+ 27. Rxe1 Qxe1+ 28. Kh2 Qxb4 29. Qe3 Qc5 30. Qb3 b5 31. f4 b4 32. f5 Qe5+
33. Kh1 Qc3 34. Qa4 gxf5 35. Qe8+ Kg7 36. Qd8 Qa1+ 37. Kh2 Qf6 38. Qb8 Qd4 39.
Kh1 h6 40. Qb7 Qa1+ 41. Kh2 Qc3 42. g4 f4 0-1

[Event "ARCTIC CHESS CHALLENGE 2010"]
[Site "SCANDIC TROMSØ"]
[Date "2010.07.31"]
[Round "1"]
[White "Kjøita, Torgeir"]
[Black "Westerinen, Heikki M.J"]
[Result "0-1"]
[WhiteElo "1796"]
[BlackElo "2347"]
[PlyCount "98"]
[EventDate "2010.??.??"]

1. e4 e6 2. d4 d5 3. exd5 exd5 4. Bd3 Bd6 5. Nf3 Ne7 6. Nc3 c6 7. Ne2 Qc7 8. c3
Bg4 9. h3 Bxf3 10. gxf3 Nd7 11. Qc2 O-O-O 12. Be3 Ng6 13. O-O-O Nf6 14. Rhg1
Rde8 15. Kb1 Kb8 16. c4 dxc4 17. Bxc4 Qd7 18. Qb3 Re7 19. Nc3 Qxh3 20. Bxf7
Qxf3 21. Bxg6 hxg6 22. Rxg6 Bf4 23. d5 Bxe3 24. fxe3 Qf5+ 25. Qc2 Qxc2+ 26.
Kxc2 cxd5 27. Nxd5 Rh2+ 28. Kb1 Nxd5 29. Rxd5 Rxe3 30. Rg1 Ree2 31. Rb5 a6 32.
Rb3 Ka7 33. a3 Rhg2 34. Rd1 Re6 35. Rdd3 g5 36. Rg3 Re1+ 37. Ka2 Rxg3 38. Rxg3
Re5 39. Kb3 Rc5 40. Rg4 Kb6 41. a4 Kc6 42. Rd4 Rd5 43. Re4 Kd6 44. Kc4 Re5 45.
Rg4 Ke6 46. Kd4 Kf6 47. b4 Re7 48. Kd5 Kf5 49. Rg1 Rd7+ 0-1

[Event "ARCTIC CHESS CHALLENGE 2010"]
[Site "SCANDIC TROMSØ"]
[Date "2010.07.31"]
[Round "1"]
[White "Larsen, Martin Halsvik"]
[Black "Kobalia, Mikhail"]
[Result "0-1"]
[WhiteElo "2178"]
[BlackElo "2648"]
[PlyCount "48"]
[EventDate "2010.??.??"]

1. Nf3 Nf6 2. d4 c5 3. Bf4 cxd4 4. Bxb8 Rxb8 5. Qxd4 b6 6. e4 e6 7. Bd3 Bc5 8.
Qa4 b5 9. Qb3 Qb6 10. h3 Bxf2+ 11. Kd1 d5 12. Nbd2 dxe4 13. Bxe4 O-O 14. Bd3 e5
15. Nxe5 Be6 16. Qb4 Bg3 17. Ng4 Nd5 18. Qe4 f5 19. Qf3 Bh4 20. Nh2 Bf6 21. Rb1
Ne3+ 22. Kc1 Bxa2 23. Ra1 Bd5 24. Qf2 Bxb2+ 0-1

[Event "ARCTIC CHESS CHALLENGE 2010"]
[Site "SCANDIC TROMSØ"]
[Date "2010.07.31"]
[Round "1"]
[White "Socko, Monika"]
[Black "Kupfer, Michael"]
[Result "1-0"]
[WhiteElo "2477"]
[BlackElo "2085"]
[PlyCount "61"]
[EventDate "2010.??.??"]

1. d4 Nf6 2. c4 g6 3. Nc3 Bg7 4. e4 d6 5. f4 O-O 6. Nf3 c5 7. dxc5 Qa5 8. Bd3
Na6 9. cxd6 exd6 10. O-O Be6 11. Kh1 Rac8 12. Nd5 Bxd5 13. exd5 Rfe8 14. Bd2
Qb6 15. Bc3 Ne4 16. Bxg7 Kxg7 17. Bxe4 Rxe4 18. b3 Rce8 19. Qd2 Qb4 20. Qb2+
Kg8 21. Qf6 R8e7 22. Ng5 Re1 23. Ne6 R7xe6 24. dxe6 Rxe6 25. Qd8+ Kg7 26. f5
gxf5 27. Qg5+ Rg6 28. Qxf5 f6 29. Rae1 Qd2 30. Qd7+ Kh6 31. Qh3+ 1-0

[Event "ARCTIC CHESS CHALLENGE 2010"]
[Site "SCANDIC TROMSØ"]
[Date "2010.07.31"]
[Round "1"]
[White "Leon Hoyos, Manuel"]
[Black "Obers, Frits"]
[Result "1-0"]
[WhiteElo "2556"]
[BlackElo "2112"]
[PlyCount "49"]
[EventDate "2010.??.??"]

1. e4 c5 2. Nf3 g6 3. d4 cxd4 4. Nxd4 Nc6 5. Nc3 Bg7 6. Nb3 Bxc3+ 7. bxc3 Nf6
8. Bd3 d5 9. exd5 Qxd5 10. O-O Bf5 11. c4 Qd6 12. Bxf5 Qxd1 13. Rxd1 gxf5 14.
Bb2 Rc8 15. Bxf6 exf6 16. Rd6 Ke7 17. c5 Nd8 18. Rad1 Rc7 19. Na5 Ne6 20. c6
bxc6 21. Nxc6+ Kf8 22. R1d3 Kg7 23. Rg3+ Kh6 24. Nd4 Nxd4 25. Rxd4 1-0

[Event "ARCTIC CHESS CHALLENGE 2010"]
[Site "SCANDIC TROMSØ"]
[Date "2010.07.31"]
[Round "1"]
[White "Lindberg, Bengt"]
[Black "Monsøy, Arild"]
[Result "1-0"]
[WhiteElo "2413"]
[BlackElo "1961"]
[PlyCount "63"]
[EventDate "2010.??.??"]

1. e4 d6 2. d4 Nf6 3. Nc3 g6 4. Be3 Bg7 5. Qd2 Ng4 6. Bg5 h6 7. Bh4 g5 8. Bg3
e5 9. Nf3 exd4 10. Nxd4 Nc6 11. Bb5 Bd7 12. Bxc6 bxc6 13. h4 Ne5 14. O-O-O Rb8
15. Nf5 Bxf5 16. exf5 Kf8 17. b3 a5 18. Rhe1 Qe7 19. hxg5 hxg5 20. Qd4 Rb6 21.
Qa4 f6 22. Ne2 Kf7 23. Nd4 Ra8 24. Nxc6 Qe8 25. Nxe5+ fxe5 26. Qg4 Qe7 27. f4
gxf4 28. Bxf4 e4 29. Qg6+ Kf8 30. Bh6 Kg8 31. Rxe4 Qf7 32. Rg4 1-0

[Event "ARCTIC CHESS CHALLENGE 2010"]
[Site "SCANDIC TROMSØ"]
[Date "2010.07.31"]
[Round "1"]
[White "Malakhatko, Vadim"]
[Black "Pettersson, Tobias"]
[Result "1-0"]
[WhiteElo "2576"]
[BlackElo "2135"]
[PlyCount "87"]
[EventDate "2010.??.??"]

1. d4 d6 2. Nf3 g6 3. c4 Bg7 4. Nc3 Nf6 5. e4 O-O 6. Be2 e5 7. O-O Nc6 8. d5
Ne7 9. b4 Nh5 10. Re1 f5 11. Ng5 Nf6 12. Bf3 c6 13. b5 h6 14. Ne6 Bxe6 15. dxe6
fxe4 16. Nxe4 Nxe4 17. Bxe4 d5 18. cxd5 cxd5 19. Ba3 dxe4 20. Qxd8 Rfxd8 21.
Bxe7 Re8 22. Bc5 Rxe6 23. Be3 a6 24. b6 Kf7 25. Rac1 Rd8 26. h4 h5 27. Rc7+ Re7
28. Rc4 Bf6 29. g3 Red7 30. Kg2 Rd6 31. Rec1 R8d7 32. Rxe4 Bd8 33. Rb4 Re6 34.
Rc8 Red6 35. Kf3 Ke6 36. Ke4 Rd5 37. a4 Rd1 38. Rbc4 Re1 39. a5 Be7 40. Rg8 Kf7
41. Rh8 Ra1 42. Rc7 Ra4+ 43. Kf3 Ke6 44. Rg8 1-0

[Event "ARCTIC CHESS CHALLENGE 2010"]
[Site "SCANDIC TROMSØ"]
[Date "2010.07.31"]
[Round "1"]
[White "Salomon, Johan"]
[Black "Medvegy, Nora Dr"]
[Result "0-1"]
[WhiteElo "1770"]
[BlackElo "2343"]
[PlyCount "56"]
[EventDate "2010.??.??"]

1. e4 c5 2. Nf3 e6 3. d4 cxd4 4. Nxd4 Nc6 5. Nc3 Qc7 6. Be3 Nf6 7. Bd3 a6 8.
O-O Ne5 9. Kh1 Neg4 10. Nf3 Nxe3 11. fxe3 Ng4 12. Qe2 Bc5 13. Nd1 O-O 14. h3
Ne5 15. Nd4 b6 16. Nf2 Bb7 17. Ng4 f6 18. Rf2 b5 19. Raf1 Rae8 20. Nh2 Ba7 21.
Nhf3 Bb8 22. c3 d5 23. exd5 Nxd3 24. Qxd3 Bxd5 25. b3 f5 26. Kg1 Be4 27. Qe2 e5
28. Nc2 Bxc2 0-1

[Event "ARCTIC CHESS CHALLENGE 2010"]
[Site "SCANDIC TROMSØ"]
[Date "2010.07.31"]
[Round "1"]
[White "Vaarala, Eric"]
[Black "Miezis, Normunds"]
[Result "1-0"]
[WhiteElo "2102"]
[BlackElo "2518"]
[PlyCount "93"]
[EventDate "2010.??.??"]

1. e4 c5 2. Nf3 e6 3. d4 cxd4 4. Nxd4 a6 5. c4 Nf6 6. Nc3 Bb4 7. Bd3 Nc6 8. Nc2
Bc5 9. O-O d6 10. a3 Ne5 11. Be2 Qc7 12. Kh1 h5 13. f3 h4 14. f4 Ng6 15. h3 Bd7
16. Qd3 Rc8 17. Be3 e5 18. f5 Ne7 19. Bg5 Ba7 20. Rad1 Bb8 21. Ne3 Bc6 22. Bxf6
gxf6 23. Ned5 Bxd5 24. exd5 Ng8 25. Ne4 Ba7 26. b4 Kf8 27. c5 dxc5 28. bxc5
Bxc5 29. Rc1 b6 30. Qxa6 Kg7 31. Rfd1 Qd8 32. Nxc5 bxc5 33. d6 Nh6 34. Qc4 Qd7
35. Qxh4 Qxf5 36. Rc3 e4 37. Rg3+ Kf8 38. Rf1 Qe5 39. Rxf6 Ng8 40. Qxh8 Qxg3
41. Bc4 Qg7 42. Rxf7+ Qxf7 43. Bxf7 Kxf7 44. Qh5+ Kf6 45. d7 Rb8 46. Qh4+ Ke6
47. d8=Q 1-0

[Event "ARCTIC CHESS CHALLENGE 2010"]
[Site "SCANDIC TROMSØ"]
[Date "2010.07.31"]
[Round "1"]
[White "Mikalsen, Harald"]
[Black "Sowray, Peter J"]
[Result "0-1"]
[WhiteElo "1880"]
[BlackElo "2383"]
[PlyCount "80"]
[EventDate "2010.??.??"]

1. e4 e5 2. Nf3 Nc6 3. Bb5 a6 4. Ba4 Nf6 5. O-O Be7 6. d3 b5 7. Bb3 d6 8. h3
Na5 9. c4 bxc4 10. Ba4+ Bd7 11. Bd2 Nb7 12. dxc4 Nc5 13. Bxd7+ Qxd7 14. Nc3
Ncxe4 15. Re1 Nxc3 16. Bxc3 O-O 17. Qc2 Qc6 18. b3 Nd7 19. Rad1 Bf6 20. Nd2 g6
21. Ne4 Bg7 22. Bb4 a5 23. Ba3 f5 24. Nxd6 cxd6 25. Rxd6 Qc7 26. c5 e4 27. f4
Rac8 28. Qc4+ Kh8 29. Rc1 Nf6 30. Rcd1 Rfd8 31. Qa6 e3 32. Qe2 Ne4 33. Rxd8+
Rxd8 34. Rxd8+ Qxd8 35. Bc1 Nc3 36. Qf3 e2 37. Bd2 Ne4 38. Bxa5 Qxa5 39. Qxe2
Qxc5+ 40. Kh2 Qc1 0-1

[Event "ARCTIC CHESS CHALLENGE 2010"]
[Site "SCANDIC TROMSØ"]
[Date "2010.07.31"]
[Round "1"]
[White "Moiseenko, Alexander"]
[Black "Sarakauskiene, Zivile"]
[Result "1-0"]
[WhiteElo "2667"]
[BlackElo "2181"]
[PlyCount "101"]
[EventDate "2010.??.??"]

1. d4 d5 2. c4 dxc4 3. e3 e6 4. Bxc4 a6 5. Nf3 c5 6. Qe2 Nc6 7. dxc5 Bxc5 8.
O-O Nf6 9. e4 Qc7 10. e5 Nd7 11. Bf4 b5 12. Bb3 Bb7 13. Nbd2 Nd4 14. Nxd4 Bxd4
15. Nf3 Bxf3 16. Qxf3 O-O 17. Rac1 Qb8 18. Rce1 Bxe5 19. Rxe5 Nxe5 20. Qh5 f6
21. Bxe6+ Kh8 22. Bf5 g6 23. Bxg6 Ra7 24. Be4 Qe8 25. Qh3 Ng6 26. Be3 Rc7 27.
Bf5 Qf7 28. Rd1 Re8 29. Qh6 Qg7 30. Qh5 Qf7 31. h3 Ne5 32. Qh6 Qg7 33. Qxg7+
Kxg7 34. b3 Nf7 35. Rd4 Ne5 36. Rd6 a5 37. Ra6 a4 38. bxa4 bxa4 39. Rxa4 Nc4
40. Bf4 Re1+ 41. Kh2 Ne5 42. Ra6 Re2 43. Be3 h5 44. Kg3 Rc4 45. Ra7+ Kf8 46. h4
Re1 47. Be6 Rc3 48. Kf4 Nd3+ 49. Kf5 Nxf2 50. Bh6+ Ke8 51. Ra8+ 1-0

[Event "ARCTIC CHESS CHALLENGE 2010"]
[Site "SCANDIC TROMSØ"]
[Date "2010.07.31"]
[Round "1"]
[White "Nomat, Emil-Lion"]
[Black "Thomassen, Joachim"]
[Result "0-1"]
[WhiteElo "1826"]
[BlackElo "2364"]
[PlyCount "86"]
[EventDate "2010.??.??"]

1. e4 c5 2. Nf3 d6 3. d4 cxd4 4. Nxd4 Nf6 5. Nc3 Nc6 6. Bg5 e6 7. Qd2 a6 8.
O-O-O Bd7 9. Kb1 h6 10. Bh4 Nxe4 11. Nxe4 Qxh4 12. Nxd6+ Bxd6 13. Nxc6 Bxc6 14.
Qxd6 Qxf2 15. Bxa6 Qb6 16. Rhe1 Qd8 17. Qb4 Qe7 18. Qxe7+ Kxe7 19. Bf1 h5 20.
g3 h4 21. g4 Rhd8 22. c4 Be4+ 23. Ka1 Rxd1+ 24. Rxd1 Bc2 25. Rd2 Bb3 26. a3 Ra4
27. h3 Bxc4 28. Rd4 Bb5 29. Rxa4 Bxa4 30. b4 Kd6 31. Kb2 Ke5 32. Kc3 f5 33. b5
Bd1 34. gxf5 exf5 35. Bg2 b6 36. Kd3 Kf4 37. Bc6 Kg3 38. Kd2 Ba4 39. Bd7 Kxh3
40. Bxf5+ Kg3 41. Bd7 h3 42. Ke2 h2 43. Bc6 Bxb5+ 0-1

[Event "ARCTIC CHESS CHALLENGE 2010"]
[Site "SCANDIC TROMSØ"]
[Date "2010.07.31"]
[Round "1"]
[White "Svensen, Tarjei Joten"]
[Black "Radulski, Julian"]
[Result "0-1"]
[WhiteElo "2129"]
[BlackElo "2574"]
[PlyCount "68"]
[EventDate "2010.??.??"]

1. d4 d5 2. c4 e6 3. Nc3 Be7 4. Nf3 Nf6 5. Bg5 Nbd7 6. cxd5 exd5 7. e3 O-O 8.
Bd3 b6 9. O-O Bb7 10. Bxf6 Nxf6 11. Ne5 c5 12. f4 a6 13. a4 c4 14. Bf5 g6 15.
Bc2 Qe8 16. Qf3 b5 17. axb5 axb5 18. Rxa8 Bxa8 19. f5 b4 20. Ne2 Bd6 21. fxg6
fxg6 22. Qg3 b3 23. Bb1 Nd7 24. Rxf8+ Nxf8 25. h4 Nd7 26. Nxd7 Qxd7 27. Nf4 Qe7
28. Kf2 Qf6 29. Ke2 Bc6 30. Qg4 Bxf4 31. Qxf4 Qxf4 32. exf4 Bd7 33. h5 Bf5 34.
Bxf5 gxf5 0-1

[Event "ARCTIC CHESS CHALLENGE 2010"]
[Site "SCANDIC TROMSØ"]
[Date "2010.07.31"]
[Round "1"]
[White "Welling, Gerard"]
[Black "Reutimann, Hans Peter"]
[Result "1-0"]
[WhiteElo "2352"]
[BlackElo "1804"]
[PlyCount "33"]
[EventDate "2010.??.??"]

1. Nf3 d5 2. a4 Nf6 3. b4 Bf5 4. Bb2 Nbd7 5. e3 e6 6. b5 Bb4 7. Be2 O-O 8. O-O
h6 9. a5 c5 10. bxc6 bxc6 11. Nd4 Qc7 12. Nxf5 exf5 13. Bd3 Rab8 14. Bxf5 Bd6
15. Bxf6 Bxh2+ 16. Kh1 Nxf6 17. f4 1-0

[Event "ARCTIC CHESS CHALLENGE 2010"]
[Site "SCANDIC TROMSØ"]
[Date "2010.07.31"]
[Round "1"]
[White "Shytaj, Luca"]
[Black "Tari, Aryan"]
[Result "1-0"]
[WhiteElo "2466"]
[BlackElo "2060"]
[PlyCount "53"]
[EventDate "2010.??.??"]

1. e4 c5 2. Nf3 d6 3. c3 Nf6 4. h3 Nc6 5. Bd3 d5 6. e5 Nd7 7. Bb5 g6 8. O-O Bg7
9. Re1 Nb6 10. d4 c4 11. a4 Bd7 12. a5 Nc8 13. Bg5 Nxe5 14. dxe5 Bxb5 15. Nd4
Bc6 16. f4 Qc7 17. Nd2 O-O 18. Qg4 Bd7 19. Qh4 f6 20. Bh6 e6 21. N2f3 Qd8 22.
Bxg7 Kxg7 23. exf6+ Rxf6 24. Rxe6 Qf8 25. Rae1 Rxf4 26. Qg5 Rf6 27. Qxd5 1-0

[Event "ARCTIC CHESS CHALLENGE 2010"]
[Site "SCANDIC TROMSØ"]
[Date "2010.07.31"]
[Round "1"]
[White "Zozulia, Anna"]
[Black "Smith, Brian"]
[Result "1-0"]
[WhiteElo "2340"]
[BlackElo "1770"]
[PlyCount "37"]
[EventDate "2010.??.??"]

1. e4 c5 2. Nf3 d6 3. c3 g6 4. d4 cxd4 5. cxd4 Bg7 6. Nc3 Nf6 7. h3 O-O 8. Bd3
Nbd7 9. O-O e5 10. Bg5 h6 11. Be3 a6 12. a4 b6 13. Qd2 Kh7 14. Bc2 Bb7 15. Rfd1
Qe7 16. dxe5 dxe5 17. Qd6 Qxd6 18. Rxd6 Nc5 19. Rxb6 1-0

[Event "ARCTIC CHESS CHALLENGE 2010"]
[Site "SCANDIC TROMSØ"]
[Date "2010.07.31"]
[Round "1"]
[White "Socko, Bartosz"]
[Black "Zepeda, Lorena"]
[Result "1-0"]
[WhiteElo "2646"]
[BlackElo "2169"]
[PlyCount "57"]
[EventDate "2010.??.??"]

1. e4 c5 2. Nf3 d6 3. d4 cxd4 4. Qxd4 Nc6 5. Bb5 Bd7 6. Bxc6 Bxc6 7. Nc3 Nf6 8.
Bg5 e6 9. O-O-O Be7 10. Qd3 O-O 11. Nd4 d5 12. e5 Nd7 13. Bxe7 Qxe7 14. f4 Nb6
15. Rde1 Nc4 16. h4 Rfe8 17. Nd1 Qc7 18. h5 b5 19. h6 g6 20. Ne3 Nxe3 21. Rxe3
b4 22. Kb1 a6 23. c3 Reb8 24. Rc1 Bd7 25. cxb4 Qb6 26. a3 a5 27. b5 Bxb5 28.
Nxb5 Qxb5 29. Rc8+ 1-0

[Event "ARCTIC CHESS CHALLENGE 2010"]
[Site "SCANDIC TROMSØ"]
[Date "2010.07.31"]
[Round "1"]
[White "Solomon, Kenny"]
[Black "Tocklin, Tomi"]
[Result "1-0"]
[WhiteElo "2383"]
[BlackElo "1885"]
[PlyCount "47"]
[EventDate "2010.??.??"]

1. d4 Nf6 2. c4 c5 3. d5 b5 4. cxb5 a6 5. bxa6 Bxa6 6. Nc3 d6 7. Nf3 g6 8. g3
Bg7 9. Bg2 Nbd7 10. Rb1 O-O 11. O-O Qa5 12. Bd2 Rfb8 13. Qc2 Qc7 14. b3 Nb6 15.
Ng5 Qb7 16. Rfd1 Nbxd5 17. Nxd5 Nxd5 18. Bf4 Nxf4 19. gxf4 Qb4 20. Bxa8 Qxf4
21. Nh3 Qg4+ 22. Bg2 Bxe2 23. Rd5 Bf6 24. Qe4 1-0

[Event "ARCTIC CHESS CHALLENGE 2010"]
[Site "SCANDIC TROMSØ"]
[Date "2010.07.31"]
[Round "1"]
[White "Steinskog, Asbjørn O"]
[Black "Zdebskaja, Natalia"]
[Result "0-1"]
[WhiteElo "1891"]
[BlackElo "2383"]
[PlyCount "84"]
[EventDate "2010.??.??"]

1. e4 c5 2. Nf3 d6 3. d4 Nf6 4. Nc3 cxd4 5. Nxd4 a6 6. Bg5 e6 7. f4 Qc7 8. Bxf6
gxf6 9. Qd2 Nc6 10. O-O-O Bd7 11. Kb1 Rg8 12. g3 Nxd4 13. Qxd4 Qc5 14. Bg2 Qxd4
15. Rxd4 O-O-O 16. Rf1 Be7 17. Rd2 Kb8 18. f5 Rc8 19. Bh3 Rc5 20. fxe6 fxe6 21.
Nd5 exd5 22. Bxd7 dxe4 23. Bf5 Re5 24. Bxh7 Rh8 25. Bf5 d5 26. c3 Kc7 27. g4
Rh3 28. Rfd1 e3 29. Rxd5 e2 30. Rd7+ Kc6 31. Re1 Rf3 32. Kc2 Rf1 33. Kd2 Rxe1
34. Kxe1 Bc5 35. Rd4 Bxd4 36. cxd4 Re3 37. h4 Kd5 38. h5 Kxd4 39. Bg6 Re7 40.
h6 Ke3 41. h7 Rc7 42. h8=N Rc1# 0-1

[Event "ARCTIC CHESS CHALLENGE 2010"]
[Site "SCANDIC TROMSØ"]
[Date "2010.07.31"]
[Round "1"]
[White "Wilsbeck, Jan B"]
[Black "Tiller, Bjørn"]
[Result "0-1"]
[WhiteElo "1932"]
[BlackElo "2398"]
[PlyCount "92"]
[EventDate "2010.??.??"]

1. e4 c5 2. Nf3 e6 3. d4 cxd4 4. Nxd4 Nc6 5. Be3 Nf6 6. Nc3 Bb4 7. Bd3 d5 8.
Nxc6 bxc6 9. e5 d4 10. Bd2 dxc3 11. bxc3 Be7 12. exf6 Bxf6 13. O-O O-O 14. Qh5
g6 15. Qe2 Qc7 16. Rab1 e5 17. f4 exf4 18. Bxf4 Qe7 19. Qxe7 Bxe7 20. Be4 Ba6
21. Bd3 Bc5+ 22. Kh1 Bxd3 23. cxd3 f5 24. Rfe1 Rfe8 25. Rxe8+ Rxe8 26. Rb8 Rxb8
27. Bxb8 g5 28. g3 Kf7 29. Be5 Ke6 30. Bg7 a6 31. Kg2 g4 32. Bh6 Kd5 33. h3 Bd6
34. hxg4 fxg4 35. a4 c5 36. Kf2 c4 37. d4 Ke4 38. Kg2 Kd3 39. Bf4 Bf8 40. Kf2
Kxc3 41. Ke3 Kb4 42. d5 Kc5 43. Ke4 c3 44. Be3+ Kd6 45. Bf4+ Kd7 46. Kf5 Ba3
0-1

[Event "ARCTIC CHESS CHALLENGE 2010"]
[Site "SCANDIC TROMSØ"]
[Date "2010.07.31"]
[Round "1"]
[White "Ukkelberg, Øyvind"]
[Black "Ziska, Helgi Dam"]
[Result "0-1"]
[WhiteElo "1971"]
[BlackElo "2426"]
[PlyCount "66"]
[EventDate "2010.??.??"]

1. g3 g6 2. Bg2 Bg7 3. f4 c5 4. Nf3 Nc6 5. O-O d5 6. d3 Nf6 7. c3 O-O 8. Qe1 d4
9. Bd2 Nd5 10. Na3 Rb8 11. Nc2 b5 12. cxd4 cxd4 13. Qf2 Qb6 14. Rac1 Bb7 15.
Ng5 Rbd8 16. g4 h6 17. Bxd5 Rxd5 18. Ne4 f5 19. gxf5 gxf5 20. Ng3 Rd6 21. e4
dxe3 22. Bxe3 Qd8 23. Ne1 Nd4 24. h3 Kh7 25. Kh2 Rg8 26. Qd2 Rg6 27. Rc5 Qd6
28. Rc1 Rxg3 29. Kxg3 Nf3 30. Nxf3 Bc3+ 31. Kh2 Bxd2 32. Bxd2 Bxf3 33. Rxf3 Qg6
0-1